00398nam a2200169Ia 4500003000500000008004100005020001800046040001900064082000700083100002000090245003100110260003500141300001000176365000800186546001200194700002200206STCL230729s9999 xx 000 0 und d a9788131705322 aSTCLcSTCLbEN 222 aWidrow, Bernard 0aAdaptive signal processing bPearson EducationaNoidac2012 a474 p b695 aEnglish aStearns, Samuel D